[Event "NOR-ch U18"]
[Site "Karmoy"]
[Date "2003.09.27"]
[Round "2"]
[White "Kvinge, Katrine S"]
[Black "Namtvedt, Tone"]
[Result "0-1"]
[WhiteElo "830"]
[BlackElo "926"]
[PlyCount "100"]
[EventDate "2003.09.??"]
[EventType "swiss"]
[EventRounds "7"]
[EventCountry "NOR"]
[SourceTitle "EXT 2005"]
[Source "ChessBase"]
[SourceDate "2004.11.15"]
[SourceVersion "1"]
[SourceVersionDate "2004.11.15"]
[SourceQuality "1"]

1. e4 Nc6 2. Bc4 e6 3. Nc3 Nf6 4. Nf3 e5 5. d3 Bb4 6. Bd2 d6 7. h3 Bd7 8. 0-0 Qe7 9. a3 Bc5 10. Nd5 Nxd5 11. Bxd5 0-0-0 12. c3 Qe8 13. b4 Bb6 14. a4 a5 15. b5 Ne7 16. Re1 f5 17. d4 f4 18. dxe5 dxe5 19. Nxe5 g5 20. Bb3 Rf8 21. Bc1 Bxb5 22. Qg4+ Bd7 23. Nxd7 Rxd7 24. Be6 Ng6 25. Rd1 Ne5 26. Bxd7+ Qxd7 27. Rxd7 Nxg4 28. Rxh7 Nxf2 29. Kh2 Nxe4 30. Bb2 f3 31. gxf3 Rxf3 32. Rh8+ Kd7 33. Rd1+ Ke6 34. Re8+ Kf5 35. Rf8+ Nf6 36. Kg2 Rf2+ 37. Kh1 Rxb2 38. Rd5+ Kg6 39. Rd3 Rb1+ 40. Kg2 Rg1+ 41. Kh2 g4 42. hxg4 Nxg4+ 43. Kh3 Nf2+ 44. Kh2 Nxd3 45. Rg8+ Kf5 46. Rxg1 Bxg1+ 47. Kxg1 Ke5 48. Kf1 Kd5 49. Ke2 Kc4 50. Kd2 Nb2 0-1